000 00595nam a2200229Ia 4500
001 12571
003 GE_BSU
008 181216s||||||||xx |||||||||||||| ||und||
020 _a9780723251750
040 _cGE_BSU
080 _a581.6
100 _aRose,Francis
245 4 _aThe Wild Flower Key: How to Identify Wild Plants, Trees and Shrubs in Britain and Ireland
245 _cArt editor Delf Smith
260 _aNew York
260 _c2006
300 _a576p.ill.19cm.
541 _h80Gel.
653 _aEarth Sciences
653 _aReference Works,Plant Life: General
942 _cBK
999 _c45744
_d45744